000 00327nam a22001331a 4500
999 _c169450
_d169450
082 _aM100 7
_bSAC/M
100 _aSachidanandan
245 _aMalayala kavitha patanangal/
_cby Sachidanandan.
260 _a
_b
_c
650 _aPoetry Malayalam Study
650 _aLiterature Malayalam
650 _aLiterature
942 _cBK